000 00650nam a22002291i 4500
001 15300
003 BD-RjUL
005 20211208235805.0
008 140209s1964 nyu 00110beng d
035 _a(BD-RjUL)15354
035 _a(BD-RjUL)
040 _aBD-RjUL
_beng
_cBD-RjUL
041 _aeng
082 0 4 _a629.13252
_bSTT 1964
100 1 _aStill, Henry.
_947554
245 1 0 _aTo ride the wind :
_bA biography of Glenn L. Martin /
_cHenry.Still,
260 _aNew York :
_bMessner,
_cc1964
300 _a256p. :
_billus. ports. ;
_c21cm
504 _aIncludes Index
600 1 0 _aMartin, Glenn Luther,
_d1886-1955.
_947560
942 _2ddc
_cBK
999 _c15300
_d15300